1580 1678 1466 1212 1473 1298 1558 1660 1278 1228 1393 1229 1304 1593 1301 1744 1966 1933 1861 1286 1763 1356 1205 1659 1323 1152 1580 1416 1272 1029 1609 1455 1196 1005 1533 1391 1876 1615 1764 1565 1160 1804 1100 1625 1228 1947 1428 1411 1790 1681 1708 1619 1820 1664 1507 1670 1947 1408 1693 1419 1688 1758 1767 1740 1586 1880 1493 1878 1732 1896 1771 1908 1038 1763 1349 1652 1547 1152 1580 1870 1311 1460 1248 1116 1879 1219 1577 1365 1443 1346 1310 1830 1408 1170 1873 1153 1790 1988 1951 BCNSPRNW ULIB Ver.6.0+V

เปลี่ยนเป็นภาษาไทย

Change to English
 แสดงรายละเอียดบรรณานุกรม
  กลับหน้าหลัก

Brief Record : Get Marc (ISO 2709) : E-mail record : QR code < ปิดหน้าต่าง
LEADER : 00000nam 2200000uu 4500
001    13399120665
003     ULIB
008    121002s2547||||th 000 0 tha d
020    ^a9742130744
040    ^ablc
050  4 ^aBF^bป111จ
100 0  ^aปรียาพร วงศ์อนุตรโรจน์
245 10 ^aจิตวิทยาการบริหารงานบุคคล /^cปรียาพร วงศ์อนุตรโรจน์
260    ^aกรุงเทพฯ :^bศูนย์สื่อเสริมกรุงเทพฯ,^c2547
300    ^a271 หน้า ;^c26 ซม.
650  4 ^aการบริหารงานบุคล
650  4 ^aการบริหารงานบุคคล^xแง่จิตวิทยา
650  4 ^aขวัญในการทำงาน
650  4 ^aความพอใจในการทำงาน
650  4 ^aจิตวิทยาองค์การ
945    ^p175^l0^i13508
945    ^p175^l0^i13510
945    ^p175^l0^i13511
945    ^p175^l0^i13512
995    ^aวิภา
999 ^a ทศพร
รายการนี้ยังไม่มีแท็ก
คุณยังไม่ได้ล็อกอิน คุณสามารถมีกิจกรรมร่วมกับเว็บไซต์ได้ แต่ต้องล็อกอินก่อน ::
  ล็อกอิน

รายการสื่อสารสนเทศ

ลำดับที่ ประเภท เลขเรียก/บาร์โค้ด สถานที่ สถานะ
1. วิทยาศาสตร์การแพทย์ และสุขภาพ
วิทยาศาสตร์การแพทย์ และสุขภาพ
BF ป111จ  
  Barcode: 13508
ห้องสมุดวิทยาเขตสวรรค์ประชารักษ์
►หนังสือทั่วไป
บนชั้น
2. วิทยาศาสตร์การแพทย์ และสุขภาพ
วิทยาศาสตร์การแพทย์ และสุขภาพ
BF ป111จ ฉ.2 
  Barcode: 13510
ห้องสมุดวิทยาเขตสวรรค์ประชารักษ์
►หนังสือทั่วไป
บนชั้น
3. วิทยาศาสตร์การแพทย์ และสุขภาพ
วิทยาศาสตร์การแพทย์ และสุขภาพ
BF ป111จ ฉ.3 
  Barcode: 13511
ห้องสมุดวิทยาเขตสวรรค์ประชารักษ์
►หนังสือทั่วไป
บนชั้น
4. วิทยาศาสตร์การแพทย์ และสุขภาพ
วิทยาศาสตร์การแพทย์ และสุขภาพ
BF ป111จ ฉ.4 
  Barcode: 13512
ห้องสมุดวิทยาเขตสวรรค์ประชารักษ์
►หนังสือทั่วไป
บนชั้น

รายการใกล้เคียง
    ผู้แต่ง [ปรียาพร วงศ์อนุตรโรจน์]

    หัวเรื่อง [การบริหารงานบุคล]
    หัวเรื่อง [ขวัญในการทำงาน]
    หัวเรื่อง [ความพอใจในการทำงาน]
    หัวเรื่อง [จิตวิทยาองค์การ]

BibComment


ยังไม่เคยถูกคอมเมนท์

คอมเมนท์ทรัพยากรรายการนี้
  คอมเมนท์: จิตวิทยาการบริหา..


 Copyright 2026. Bcnsprnw @Library